| 000 | 00801nam a22002657a 4500 | ||
|---|---|---|---|
| 003 | UA-OsUOA | ||
| 001 | 43014 | ||
| 007 | ta | ||
| 008 | 20061204b un ||||| |||| 00| 0 ukr d | ||
| 100 | _aЛебедев-Любимов А. | ||
| 090 |
_a659.1:159.9 _bЛ33 |
||
| 942 | _cBK | ||
| 040 |
_aUA-OsUOA _brus _cUA-OsUOA _dUA-OsUOA |
||
| 245 | _aПсихология рекламы | ||
| 300 |
_a384 с. _bІлюстрації |
||
| 955 | _a2 | ||
| 041 | _arus | ||
| 080 | _a659.1:159.9 | ||
| 020 | _a5-469-01094-5 | ||
| 260 |
_aМосква _bПитер _c2007 |
||
| 044 | _aRU | ||
| 250 | _n2-е изд. | ||
| 650 | 7 |
_a659 Реклама. Система інформації. Громадська інформація та реклама (Паблик-Рилейшнз) _2UDC |
|
| 999 |
_c329144 _d329144 |
||